[Event "Michigan Junior Invitational"]
[Site "Ann Arbor, MI"]
[Date "1998.??.??"]
[Round "?"]
[White "Ashton, Jeff"]
[Black "Wyatt, David"]
[Result "1-0"]
[WhiteElo "2155"]
[BlackElo "1725"]
[PlyCount "76"]
[EventDate "1998.??.??"]

{6/28} 1. c4 g6 2. Nc3 Bg7 3. g3 e5 4. Bg2 f5 5. e3 Nc6 6. Nge2 Nf6 7. d4 d6 8.
Rb1 a5 9. a3 O-O 10. O-O Rb8 11. b4 axb4 12. axb4 Bd7 13. c5 e4 14. Nf4 Ne7 15.
Qb3+ Kh8 16. d5 g5 17. cxd6 cxd6 18. Ne6 Bxe6 19. dxe6 d5 20. Ne2 Qd6 21. Nd4
Ne8 22. Bb2 Nc7 23. Rbc1 Rfc8 24. b5 Nxe6 25. Ba3 Nc5 26. Rxc5 Rxc5 27. Bxc5
Qxc5 28. Ne6 Qd6 29. Nxg5 Qf6 30. Nh3 Rc8 31. Nf4 d4 32. exd4 Qxd4 33. Qe6 Qf6
34. Qd7 h6 35. Rd1 Rc5 36. Bf1 Kg8 37. Qe8+ Qf8 38. Qxf8+ Kxf8 1-0

[Event "Michigan Junior Invitational"]
[Site "Ann Arbor, MI"]
[Date "1998.??.??"]
[Round "?"]
[White "Ashton, Jeff"]
[Black "Solon, Nathan"]
[Result "1/2-1/2"]
[WhiteElo "2155"]
[BlackElo "1875"]
[PlyCount "45"]
[EventDate "1998.??.??"]

{6/27} 1. Nf3 c5 2. c4 Nf6 3. Nc3 d5 4. cxd5 Nxd5 5. g3 Nc6 6. Bg2 Nc7 7. d3 g6
8. Nd2 Bd7 9. O-O Bg7 10. Nc4 O-O 11. Bxc6 Bxc6 12. Na5 Bd5 13. Nxd5 Qxd5 14.
Qb3 Qxb3 15. axb3 Rab8 16. Bf4 e5 17. Be3 Ne6 18. Nc4 a6 19. Ra5 Rfd8 20. Rc1
Rbc8 21. Kg2 Rc6 22. Nd2 Rdc8 23. Kf1 1/2-1/2

[Event "Lansing Action Quads"]
[Site "Lansing, MI"]
[Date "1998.??.??"]
[Round "?"]
[White "Asbury, Victor"]
[Black "Stark, John"]
[Result "0-1"]
[WhiteElo "1605"]
[BlackElo "1605"]
[PlyCount "86"]
[EventDate "1998.??.??"]

1. c4 e6 2. e4 c5 3. Nc3 Nc6 4. g3 Nge7 5. Bg2 g6 6. Nf3 Bg7 7. d3 O-O 8. O-O
d5 9. cxd5 exd5 10. Bg5 h6 11. Bxe7 Nxe7 12. Re1 d4 13. Ne2 Nc6 14. a3 a5 15.
Rc1 Qe7 16. Qc2 b6 17. Nd2 Rb8 18. Nf4 Qd8 19. Nd5 Ne7 20. Nxe7+ Qxe7 21. Nc4
Be6 22. f4 Qd7 23. Nd2 Rfc8 24. Nf3 b5 25. Qf2 c4 26. dxc4 bxc4 27. e5 d3 28.
Rc3 Bf8 29. Rd1 Bc5 30. Qxc5 Rxc5 31. Rd2 Rcb5 32. Rxc4 Bxc4 33. b4 axb4 34.
axb4 Rxb4 35. h4 Rb1+ 36. Kh2 R8b2 37. Bh3 Rxd2+ 38. Nxd2 Qb5 39. Ne4 Qb2+ 40.
Bg2 Ra1 41. Kh3 Be6+ 42. g4 Ra2 43. Nf6+ Kh8 0-1

[Event "Lansing Mini-Swiss.2"]
[Site "Lansing, MI"]
[Date "1998.??.??"]
[Round "?"]
[White "Asbury, Victor"]
[Black "Resit, D."]
[Result "0-1"]
[WhiteElo "1605"]
[BlackElo "1605"]
[PlyCount "126"]
[EventDate "1998.??.??"]

1. c4 e5 2. Nc3 c6 3. g3 Nf6 4. Bg2 d5 5. cxd5 cxd5 6. Nf3 Bd6 7. O-O O-O 8. d3
a6 9. Bg5 Be6 10. Qd2 Nbd7 11. Nh4 Qa5 12. Rfd1 Bb4 13. a3 Bxc3 14. Qxc3 Qxc3
15. bxc3 Rac8 16. Rdc1 b5 17. Bd2 Nc5 18. Rab1 d4 19. c4 bxc4 20. dxc4 h6 21.
Bb4 Rfd8 22. Nf3 e4 23. Nd2 e3 24. Nf1 exf2+ 25. Kxf2 Nce4+ 26. Kg1 Bxc4 27.
Bh3 Be6 28. Bxe6 fxe6 29. Be7 Re8 30. Rxc8 Rxc8 31. Rb6 Kf7 32. Bb4 Nd5 33.
Rxa6 Nxb4 34. axb4 Rb8 35. Ra7+ Kf6 36. Kg2 Rxb4 37. g4 Rb2 38. Ng3 Nxg3 39.
Kxg3 Rxe2 40. h4 g6 41. Ra8 d3 42. Kf3 Re5 43. Rd8 Rd5 44. Rxd5 exd5 45. Ke3
Ke5 46. h5 g5 47. Kxd3 d4 48. Ke2 Ke4 49. Kd2 d3 50. Kd1 Kf4 51. Kd2 Kxg4 52.
Kxd3 Kxh5 53. Ke3 Kg4 54. Kf2 Kh3 55. Kg1 h5 56. Kh1 Kg3 57. Kg1 h4 58. Kh1 Kf2
59. Kh2 g4 60. Kh1 h3 61. Kh2 g3+ 62. Kh1 g2+ 63. Kh2 g1=Q+ 0-1

[Event "Lansing Mini-Swiss.2"]
[Site "Lansing, MI"]
[Date "1998.??.??"]
[Round "?"]
[White "Asbury, Victor"]
[Black "Repas, B."]
[Result "1-0"]
[WhiteElo "1605"]
[BlackElo "1605"]
[PlyCount "71"]
[EventDate "1998.??.??"]

1. c4 e5 2. Nc3 Nc6 3. g3 g6 4. Bg2 Bg7 5. Nf3 d6 6. O-O Nge7 7. d3 O-O 8. Bd2
Bg4 9. h3 Be6 10. Ng5 Bd7 11. Kh2 h6 12. Nf3 Nf5 13. Qc1 Kh7 14. Nd5 Rb8 15.
Ng1 Nfe7 16. e4 Nd4 17. Be3 Ne6 18. Bxa7 Ra8 19. Be3 c6 20. Nc3 f5 21. f4 exf4
22. Bxf4 Nxf4 23. Rxf4 fxe4 24. Nxe4 Be5 25. Rxf8 Qxf8 26. Qd2 Nf5 27. Rf1 Qe7
28. Ne2 Rxa2 29. d4 Bg7 30. N4c3 Ra8 31. Be4 Rf8 32. Nf4 d5 33. cxd5 Nxd4 34.
Nxg6 Nf3+ 35. Rxf3 Bxc3 36. Nxe7+ 1-0

[Event "Michigan Class C"]
[Site "Grand Rapids, MI"]
[Date "1998.??.??"]
[Round "?"]
[White "Asbury, Victor"]
[Black "Nolan, Brian"]
[Result "1/2-1/2"]
[WhiteElo "1605"]
[BlackElo "1605"]
[PlyCount "218"]
[EventDate "1998.01.??"]

1. c4 Nf6 2. Nc3 e6 3. e4 Bb4 4. Nge2 O-O 5. g3 d5 6. cxd5 exd5 7. e5 Ng4 8. d4
c5 9. Bg2 cxd4 10. Qxd4 Nc6 11. Qxd5 Ngxe5 12. O-O Bxc3 13. Nxc3 Be6 14. Qxd8
Rfxd8 15. Be3 Nc4 16. b3 Nxe3 17. fxe3 Rd3 18. Nd1 Rad8 19. e4 Ne5 20. Nf2 Rd2
21. Nh3 Ng4 22. Nf4 Ne3 23. Rf3 Nxg2 24. Nxg2 Re2 25. Re3 Rdd2 26. Rxe2 Rxe2
27. Nf4 Rxe4 28. Rd1 Kf8 29. Nxe6+ Rxe6 30. Rd7 Ra6 31. Rd2 Ke7 32. Kf2 Rd6 33.
Rc2 Ke6 34. Ke3 Rc6 35. Rd2 b5 36. Kf4 a5 37. g4 a4 38. bxa4 Rc4+ 39. Kg3 Rxa4
40. Rb2 b4 41. h3 Kd5 42. h4 Ra3+ 43. Kf4 Kc4 44. g5 Rh3 45. Kg4 Rh1 46. Rf2
Rg1+ 47. Kh3 Rc1 48. Rxf7 Rc3+ 49. Kg4 Ra3 50. Rxg7 Rxa2 51. Rxh7 Rg2+ 52. Kf3
Rg1 53. Rb7 Kc3 54. Kf4 b3 55. h5 Rf1+ 56. Kg4 Rg1+ 57. Kf5 b2 58. Rxb2 Kxb2
59. g6 Kc3 60. h6 Rf1+ 61. Kg5 Kd3 62. h7 Rh1 63. Kf6 Ke4 64. g7 Rxh7 65. g8=Q
Rh6+ 66. Kg5 Rd6 67. Kg4 Rd4 68. Qg5 Rc4 69. Qb5 Rd4 70. Qf5+ Ke3+ 71. Kg3 Re4
72. Qd5 Rd4 73. Qf3+ Kd2 74. Kf2 Rd3 75. Qc6 Rd4 76. Kf3 Rd3+ 77. Kf2 Rd4 78.
Qc7 Kd3 79. Qc1 Rd5 80. Qe3+ Kc4 81. Qe4+ Rd4 82. Qc6+ Kd3 83. Qb5+ Ke4 84. Qg5
Kd3 85. Qf5+ Kc4 86. Ke3 Rd5 87. Qc2+ Kb5 88. Ke4 Rc5 89. Qb3+ Kc6 90. Qe6+ Kb5
91. Kd4 Rc6 92. Qe7 Kb6 93. Kd5 Rc7 94. Qb4+ Ka7 95. Qa5+ Kb7 96. Kd6 Rg7 97.
Qb5+ Kc8 98. Qf5+ Kb7 99. Qb5+ Kc8 100. Qe8+ Kb7 101. Qc6+ Kb8 102. Qc2 Rb7
103. Qc3 Rb6+ 104. Kd7 Kb7 105. Qa5 Ra6 106. Qc7+ Ka8 107. Kc8 Rb6 108. Qc5
Rb8+ 109. Kc7 Rc8+ 1/2-1/2

[Event "Lansing Action Quads"]
[Site "Lansing, MI"]
[Date "1998.??.??"]
[Round "?"]
[White "Asbury, Victor"]
[Black "Lapinsky, W."]
[Result "1-0"]
[WhiteElo "1605"]
[BlackElo "1605"]
[PlyCount "46"]
[EventDate "1998.??.??"]

1. c4 e5 2. Nc3 Nc6 3. g3 Nf6 4. Bg2 Bd6 5. Nf3 O-O 6. O-O b6 7. d4 e4 8. Ng5
Be7 9. Ngxe4 Bb7 10. Bg5 Rb8 11. Nxf6+ gxf6 12. Bh6 Re8 13. e4 Kh8 14. Qh5 Rg8
15. Rad1 Qe8 16. Nd5 Bd8 17. Rfe1 d6 18. f4 Ba6 19. b3 Bc8 20. e5 Bg4 21. Qh4
fxe5 22. Nf6 Qe6 23. Bg5 Rg6 1-0

[Event "Lansing Action Quads"]
[Site "Lansing, MI"]
[Date "1998.??.??"]
[Round "?"]
[White "Asbury, Victor"]
[Black "Lapinsky, W."]
[Result "1-0"]
[WhiteElo "1605"]
[BlackElo "1605"]
[PlyCount "64"]
[EventDate "1998.??.??"]

1. c4 e5 2. Nc3 Nf6 3. g3 Bd6 4. Bg2 O-O 5. Nf3 Nc6 6. a3 Re8 7. Qc2 b6 8. Ng5
g6 9. O-O Rb8 10. d3 Nd4 11. Qd1 Be7 12. b4 Ng4 13. Nge4 d6 14. e3 Nc6 15. h3
Nf6 16. Kh2 Bb7 17. Nxf6+ Bxf6 18. e4 Nd4 19. Nd5 Bg7 20. Ra2 c6 21. Nc3 Bc8
22. Ne2 c5 23. b5 a5 24. Nxd4 exd4 25. f4 Bb7 26. a4 h5 27. Raf2 Bc8 28. f5 Re5
29. Bf4 Re7 30. fxg6 f6 31. Qxh5 Be6 32. Qh7+ Kf8 1-0

[Event "Lansing Action Quads"]
[Site "Lansing, MI"]
[Date "1998.??.??"]
[Round "?"]
[White "Asbury, Victor"]
[Black "Lapinsky, S."]
[Result "1-0"]
[WhiteElo "1605"]
[BlackElo "1605"]
[PlyCount "83"]
[EventDate "1998.??.??"]

1. c4 e5 2. Nc3 Nf6 3. g3 Bc5 4. Bg2 O-O 5. Nf3 d6 6. a3 Be6 7. d3 c6 8. b4 Bd4
9. Nxd4 exd4 10. Na2 c5 11. Bxb7 Nbd7 12. Bg2 Rb8 13. O-O Nb6 14. Bf4 Rc8 15.
e3 dxe3 16. fxe3 Qd7 17. b5 Bh3 18. Nc3 Rfe8 19. Rf2 Bxg2 20. Kxg2 Ng4 21. Rf3
Ra8 22. Ne4 d5 23. Nxc5 dxc4 24. Nxd7 Nxd7 25. dxc4 Nc5 26. Qd5 Ne6 27. Bc7
Rac8 28. Ba5 Rc5 29. Qd7 Rf8 30. Bb4 Rc7 31. Qxc7 Nxc7 32. Bxf8 Kxf8 33. Rd1
Ke7 34. e4 Ne5 35. Rc3 Nd7 36. g4 Nc5 37. Kf3 a6 38. bxa6 N7xa6 39. Rb1 Kf6 40.
Rb6+ Ke5 41. Rb5 g6 42. Rd3 1-0

[Event "Lansing Mini-Swiss.2"]
[Site "Lansing, MI"]
[Date "1998.??.??"]
[Round "?"]
[White "Asbury, Victor"]
[Black "Collazo, C."]
[Result "0-1"]
[WhiteElo "1605"]
[BlackElo "1605"]
[PlyCount "119"]
[EventDate "1998.??.??"]

1. c4 g6 2. Nc3 Bg7 3. g3 d6 4. d4 Nd7 5. Bg2 e5 6. d5 a5 7. e4 Ne7 8. Nge2 O-O
9. O-O f5 10. Nf4 exf4 11. Bxf4 Ne5 12. Qe2 fxe4 13. Nxe4 Nf5 14. Rad1 b6 15.
b3 Nd7 16. Rfe1 Nc5 17. Bg5 Qd7 18. Nxc5 bxc5 19. Qe6+ Kh8 20. Re4 Qxe6 21.
dxe6 Bb7 22. e7 Rfe8 23. Re6 Bxg2 24. Kxg2 h6 25. Bd2 Rxe7 26. Rxg6 Kh7 27. Rg4
a4 28. b4 cxb4 29. Bxb4 Rb8 30. c5 Re2 31. a3 Rf8 32. Rd3 h5 33. Rf4 Be5 34.
Rff3 Kg7 35. cxd6 cxd6 36. Kf1 Rc2 37. Rd5 Ne7 38. Rxf8 Nxd5 39. Rb8 Kf6 40.
Rb5 Ke6 41. h3 Rb2 42. f4 Bc3 43. f5+ Ke7 44. Rxd5 Bxb4 45. axb4 a3 46. Ra5 a2
47. Rxa2 Rxa2 48. b5 Rb2 49. b6 Kf6 50. b7 Rxb7 51. Kf2 Rb3 52. h4 Kxf5 53. Kg2
Kg4 54. Kf2 Rxg3 55. Ke2 Kxh4 56. Kf2 Kg4 57. Ke2 Kf4 58. Kf2 Rf3+ 59. Ke2 Ke4
60. Kd2 0-1

[Event "Lansing Action Quads"]
[Site "Lansing, MI"]
[Date "1998.??.??"]
[Round "?"]
[White "Asbury, Victor"]
[Black "Carl, Kevin"]
[Result "1-0"]
[WhiteElo "1605"]
[BlackElo "1605"]
[PlyCount "78"]
[EventDate "1998.??.??"]

1. c4 Nf6 2. Nc3 g6 3. g3 Bg7 4. Bg2 O-O 5. Nf3 d6 6. d4 Nbd7 7. O-O e5 8. d5
a5 9. e4 Nc5 10. Re1 Bd7 11. a4 Ne8 12. Be3 f5 13. Bxc5 dxc5 14. exf5 gxf5 15.
Nxe5 Nd6 16. f4 Be8 17. Qc2 h5 18. h4 Nf7 19. Re3 Ra6 20. Rae1 Nh6 21. b3 Ng4
22. Nxg4 fxg4 23. Qe2 Bd4 24. Kh2 Bxe3 25. Qxe3 Ra8 26. Ne4 b6 27. Ng5 Qf6 28.
Qe7 Qxe7 29. Rxe7 Rc8 30. Be4 Bf7 31. Bf5 Rce8 32. Rxe8 Rxe8 33. Be6 Bxe6 34.
Nxe6 Kf7 35. Kg2 Kf6 36. Kf2 Re7 37. Ke3 c6 38. Ke4 Ra7 39. f5 cxd5+ 1-0

[Event "Lansing Mini-Swiss.2"]
[Site "Lansing, MI"]
[Date "1998.??.??"]
[Round "?"]
[White "Asbury, Victor"]
[Black "Carl, Kevin"]
[Result "0-1"]
[WhiteElo "1605"]
[BlackElo "1705"]
[PlyCount "70"]
[EventDate "1998.??.??"]

1. c4 Nf6 2. Nc3 g6 3. g3 Bg7 4. Bg2 O-O 5. Nf3 d6 6. d4 Nbd7 7. O-O e5 8. d5
a5 9. e4 Nc5 10. Nd2 Nfd7 11. Nb3 b6 12. Nxc5 Nxc5 13. Na4 Bd7 14. Nxc5 bxc5
15. b3 Ra6 16. Bd2 Qa8 17. Qe1 Rb8 18. f3 Rb7 19. Rf2 a4 20. b4 cxb4 21. Bxb4
a3 22. Rb1 Rab6 23. Rb3 Ba4 24. Rxa3 Rxb4 25. Qc3 Qa5 26. Bf1 Qc5 27. Kg2 Bd7
28. Ra8+ Rb8 29. Qa3 Bh3+ 30. Kxh3 Qxf2 31. Bg2 Bf6 32. Qxb4 Rxa8 33. a4 h5 34.
a5 Kg7 35. a6 Rxa6 0-1

[Event "Michigan Class C"]
[Site "Grand Rapids, MI"]
[Date "1998.??.??"]
[Round "?"]
[White "Asbury, Victor"]
[Black "Avery, Bill"]
[Result "0-1"]
[WhiteElo "1605"]
[BlackElo "1605"]
[PlyCount "130"]
[EventDate "1998.01.??"]

1. c4 Nf6 2. Nc3 e6 3. e4 d6 4. g3 e5 5. Bg2 Be7 6. Nge2 O-O 7. O-O Bg4 8. Qb3
b6 9. f4 Nc6 10. d3 Rb8 11. f5 Bxe2 12. Nxe2 Na5 13. Qc2 c6 14. Be3 d5 15. b4
Bxb4 16. c5 d4 17. Bg5 Bxc5 18. Bd2 Nb7 19. a4 Qd7 20. a5 Be7 21. Rfc1 Rfc8 22.
axb6 axb6 23. Ra7 Rc7 24. Rca1 Qc8 25. Qa2 Nd6 26. Rxc7 Qxc7 27. Qa7 Qxa7 28.
Rxa7 Nb7 29. h3 Kf8 30. g4 h6 31. Bf3 b5 32. Ra6 Nd8 33. Nc1 c5 34. Bd1 c4 35.
Kf2 c3 36. Be1 Rc8 37. Bc2 Nc6 38. Rb6 Na7 39. Ke2 Ra8 40. Bb3 Bd8 41. Rb7 Ke8
42. Bxf7+ Kf8 43. Be6 Be7 44. Bg3 Bd6 45. Rf7+ Ke8 46. Rxg7 Nc6 47. Bd5 Rc8 48.
Bh4 Nxd5 49. Rg8+ Kd7 50. Rxc8 Nf4+ 51. Kf3 Kxc8 52. f6 Kd7 53. g5 hxg5 54.
Bxg5 Ke6 55. h4 Kf7 56. Kg4 Nb4 57. h5 Nbxd3 58. Nb3 c2 59. h6 Kg6 60. h7 Kxh7
61. Kf5 c1=Q 62. Nxc1 Nxc1 63. Bxf4 exf4 64. e5 Bxe5 65. Kxe5 Kg8 0-1

[Event "Michigan Women's"]
[Site "Ann Arbor, MI"]
[Date "1998.??.??"]
[Round "?"]
[White "Artiaga, T."]
[Black "Zarzycki, Katherine"]
[Result "0-1"]
[WhiteElo "1605"]
[BlackElo "1605"]
[PlyCount "34"]
[EventDate "1998.12.??"]

1. e4 e5 2. Nf3 Nc6 3. Bc4 Bc5 4. O-O Nf6 5. Nc3 d6 6. b4 Bb6 7. b5 Nh5 8. bxc6
Qf6 9. cxb7 Bxb7 10. d4 Bc8 11. d5 Bh3 12. gxh3 Qg6+ 13. Kh1 Nf4 14. Rg1 Qh5
15. Rb1 Nxh3 16. Rg3 Nxf2+ 17. Kg1 Nxd1+ {]Remainder illegible]} 0-1

[Event "Lansing Mini-Swiss.1"]
[Site "Lansing, MI"]
[Date "1998.??.??"]
[Round "?"]
[White "Arganian, David H"]
[Black "Triplett, Thomas"]
[Result "1-0"]
[WhiteElo "1755"]
[BlackElo "1925"]
[PlyCount "79"]
[EventDate "1998.??.??"]

1. e4 c5 2. d4 cxd4 3. c3 dxc3 4. Nxc3 Nc6 5. Nf3 d6 6. Bc4 a6 7. O-O e6 8. Qe2
b5 9. Bb3 Ra7 10. Be3 Rd7 11. Rac1 Bb7 12. Rfd1 Nf6 13. Nxb5 axb5 14. Qxb5 Qa8
15. Ba4 Rc7 16. Bb6 Rc8 17. e5 Nd5 18. exd6 Bxd6 19. Nd4 O-O 20. Nxc6 Bf4 21.
Rc4 Ba6 22. Qb3 Bxc4 23. Qxc4 Kh8 24. Rxd5 Bxh2+ 25. Kxh2 exd5 26. Qd4 Rxc6 27.
Bxc6 Qxc6 28. Bc5 Re8 29. f3 Ra8 30. a3 Ra4 31. Bb4 Ra6 32. Bc3 Qh6+ 33. Kg1
Qc1+ 34. Kf2 Qc2+ 35. Kg1 Qc1+ 36. Kf2 Qc2+ 37. Kf1 Rg6 38. Bd2 Qb3 39. Bc3
Qd1+ 40. Qxd1 1-0

[Event "Michigan Beginners"]
[Site "Grand Rapids, MI"]
[Date "1998.??.??"]
[Round "?"]
[White "Archer, A."]
[Black "Lemke, R."]
[Result "0-1"]
[WhiteElo "1605"]
[BlackElo "1605"]
[PlyCount "38"]
[EventDate "1998.01.??"]

1. d3 e6 2. c4 d5 3. Qb3 c5 4. Nc3 Ne7 5. Bg5 h6 6. Bxe7 Bxe7 7. cxd5 e5 8.
Qb5+ Nd7 9. g3 a6 10. Qc4 b5 11. Qg4 Nf6 12. Qxg7 Rg8 13. Qxh6 Bb7 14. Ne4 Bxd5
15. Nxf6+ Bxf6 16. e4 Qa5+ 17. Kd1 Bb3+ 18. Kc1 Rg6 19. Qh7 Qe1# 0-1

[Event "Kalamazoo Mini-Swiss.1"]
[Site "Kalamazoo, MI"]
[Date "1998.??.??"]
[Round "?"]
[White "Anthony, James"]
[Black "Roth, Bruce"]
[Result "0-1"]
[WhiteElo "1605"]
[BlackElo "1605"]
[PlyCount "68"]
[EventDate "1998.??.??"]

1. e4 c6 2. Nc3 d5 3. d4 dxe4 4. Nxe4 Bf5 5. Ng3 Bg6 6. Nf3 h6 7. Bc4 e6 8. Ne5
Bh7 9. c3 Nd7 10. Qe2 Nxe5 11. dxe5 Ne7 12. O-O Nf5 13. Rd1 Qc7 14. Ne4 Qxe5
15. Qd3 Qc7 16. Qf3 Nd6 17. Bf4 Bxe4 18. Qxe4 Nxe4 19. Bxc7 Bc5 20. Bg3 Nxg3
21. hxg3 Rd8 22. Kf1 O-O 23. Bd3 Rd6 24. b4 Rfd8 25. Ke2 Bxf2 26. Bh7+ Kxh7 27.
Rxd6 Rxd6 28. Kxf2 Kg6 29. Ke2 f5 30. Rf1 e5 31. Ke3 Kg5 32. Rf2 g6 33. Ke2 e4
34. Rf1 Rd3 0-1

[Event "Kalamazoo Mini-Swiss.1"]
[Site "Kalamazoo, MI"]
[Date "1998.??.??"]
[Round "?"]
[White "Anthony, James"]
[Black "Roth, Bruce"]
[Result "1-0"]
[WhiteElo "1605"]
[BlackElo "1605"]
[PlyCount "97"]
[EventDate "1998.??.??"]

1. e4 c6 2. d4 d5 3. e5 Bf5 4. Nf3 e6 5. c4 Bxb1 6. Rxb1 Qa5+ 7. Bd2 Qxa2 8.
cxd5 Qxd5 9. Bc3 b5 10. Qc2 Ne7 11. Bd3 g6 12. Be4 Qd7 13. Bb4 Nd5 14. Bxf8
Rxf8 15. O-O Qb7 16. Bxd5 cxd5 17. Rfc1 Nd7 18. Ng5 Rh8 19. b4 Ke7 20. Qd2 Rac8
21. Qf4 Rcf8 22. Rc2 f6 23. exf6+ Rxf6 24. Qg3 h6 25. Nf3 a6 26. Rbc1 Qb8 27.
Rc7 g5 28. Ne5 Rd8 29. Nc6+ Ke8 30. Nxb8 Rxb8 31. Qd6 Rd8 32. Rc8 e5 33. Rxd8+
Kxd8 34. Qc7+ Ke8 35. dxe5 Re6 36. Kf1 d4 37. Rd1 Rxe5 38. Rxd4 Re7 39. Qc8+
Kf7 40. Rxd7 Ke6 41. Qc6+ Kf7 42. Qd5+ Kf8 43. Rxe7 Kxe7 44. Qb7+ Kd6 45. Qxa6+
Kd5 46. Qxb5+ Ke4 47. Qc6+ Kf4 48. Qxh6 Kf5 49. b5 1-0

[Event "Kalamazoo Mini-Swiss.1"]
[Site "Kalamazoo, MI"]
[Date "1998.??.??"]
[Round "?"]
[White "Anthony, James"]
[Black "Krzyston, Joe"]
[Result "1-0"]
[WhiteElo "1605"]
[BlackElo "1605"]
[PlyCount "41"]
[EventDate "1998.??.??"]

1. e4 e5 2. Bc4 Nf6 3. d3 d6 4. Nf3 Be6 5. Nbd2 Nc6 6. Bb5 Bd7 7. c3 a6 8. Ba4
b5 9. Bc2 Be7 10. d4 exd4 11. cxd4 O-O 12. Bb3 Na5 13. Bc2 d5 14. e5 Ng4 15. h3
c5 16. hxg4 Bxg4 17. Bxh7+ Kh8 18. Bf5+ Kg8 19. Bxg4 c4 20. Qc2 Nc6 21. Qh7#
1-0

[Event "Kalamazoo Mini-Swiss.1"]
[Site "Kalamazoo, MI"]
[Date "1998.??.??"]
[Round "?"]
[White "Anthony, James"]
[Black "Franklin, Stan"]
[Result "0-1"]
[WhiteElo "1605"]
[BlackElo "1610"]
[PlyCount "95"]
[EventDate "1998.??.??"]

1. e4 e6 2. d4 d5 3. e5 c5 4. c3 Qb6 5. Nf3 Nc6 6. Qb3 Qa5 7. Bd2 c4 8. Qc2 f6
9. Bf4 g5 10. Be3 g4 11. Nfd2 fxe5 12. dxe5 Nxe5 13. Bd4 Bg7 14. Be2 Nh6 15. h3
gxh3 16. Rxh3 Nf5 17. Bh5+ Ke7 18. Bxe5 Bxe5 19. Nf3 Bf6 20. Nbd2 e5 21. g4 Nd6
22. Rg3 e4 23. g5 Bg7 24. Nd4 Be5 25. Rg1 Bxd4 26. cxd4 Bf5 27. Qc3 Qb6 28. a4
a5 29. f3 Raf8 30. O-O-O exf3 31. Bxf3 Be4 32. Rde1 Qc6 33. Bxe4 dxe4 34. Qxa5
Rf5 35. Qb4 Kd7 36. g6 hxg6 37. Rxg6 Re8 38. Rg7+ Kc8 39. Rg6 Kc7 40. Rg7+ Kc8
41. Rg6 Kd7 42. Rg7+ Rf7 43. Rxf7+ Nxf7 44. Qxc4 e3 45. Qxc6+ Kxc6 46. Nc4 e2
47. Kd2 Kd5 48. Kd3 {[Remainder unavailable]} 0-1

[Event "Kalamazoo Mini-Swiss.2"]
[Site "Kalamazoo, MI"]
[Date "1998.??.??"]
[Round "?"]
[White "Anthony, James"]
[Black "Franklin, Stan"]
[Result "1/2-1/2"]
[WhiteElo "1605"]
[BlackElo "1655"]
[PlyCount "79"]
[EventDate "1998.??.??"]

1. e4 e6 2. Bc4 a6 3. Nc3 b5 4. Bb3 Bb7 5. d3 Bb4 6. Bd2 Nf6 7. Nf3 O-O 8. a3
Ba5 9. O-O Ne8 10. Ne2 Bb6 11. Be3 c5 12. Qd2 Nc6 13. Ba2 Qc7 14. Nf4 Nf6 15.
Ne2 Ng4 16. Bf4 d6 17. h3 Nge5 18. Nh2 Rad8 19. Ng3 Ne7 20. Bxe5 dxe5 21. Kh1
c4 22. Qe2 cxd3 23. cxd3 Ng6 24. Nh5 Qd6 25. Rfd1 Qd4 26. f3 Rd6 27. Rac1 f5
28. exf5 Rxf5 29. Ng3 Rg5 30. Qe1 Qxb2 31. Rd2 Qxa3 32. Ne4 Bxe4 33. dxe4 Bd4
34. Rc8+ Kf7 35. Rc7+ Ne7 36. f4 exf4 37. Qe2 Qe3 38. Nf3 Rg3 39. Qd1 Qxe4 40.
Rxd4 1/2-1/2

[Event "Kalamazoo Mini-Swiss.1"]
[Site "Kalamazoo, MI"]
[Date "1998.??.??"]
[Round "?"]
[White "Anthony, James"]
[Black "Dorrington, Eldon"]
[Result "0-1"]
[WhiteElo "1605"]
[BlackElo "1605"]
[PlyCount "85"]
[EventDate "1998.??.??"]

1. e4 c6 2. d4 d5 3. Nc3 dxe4 4. Nxe4 Bf5 5. Ng3 Bg6 6. Nf3 Nd7 7. Bf4 Ngf6 8.
Nh4 Nd5 9. Bd2 N7f6 10. c4 Nc7 11. Nxg6 hxg6 12. Bc3 Qd7 13. Be2 e6 14. Bf3 Bd6
15. Nf1 Na6 16. c5 Bc7 17. h3 Nd5 18. Bxd5 Qxd5 19. Ne3 Qe4 20. Qc2 Qxc2 21.
Nxc2 O-O-O 22. O-O-O f6 23. Rhe1 e5 24. b4 exd4 25. Nxd4 Nb8 26. Ne6 Rxd1+ 27.
Rxd1 Rg8 28. f4 Nd7 29. Nxc7 Kxc7 30. Be1 Re8 31. Kd2 f5 32. h4 Nf6 33. Kd3 Ne4
34. Kc2 Rd8 35. Rxd8 Kxd8 36. Kd3 Kd7 37. g4 Ke6 38. h5 gxh5 39. gxh5 Nf6 40.
Kd4 Nxh5 41. Bd2 g6 42. Ke3 Kd5 43. a4 {[Remainder illegible]} 0-1

[Event "Kalamazoo Mini-Swiss.2"]
[Site "Kalamazoo, MI"]
[Date "1998.??.??"]
[Round "?"]
[White "Anthony, James"]
[Black "Bennett, D."]
[Result "1-0"]
[WhiteElo "1605"]
[BlackElo "1605"]
[PlyCount "36"]
[EventDate "1998.??.??"]

1. e4 c5 2. Nf3 d6 3. Bb5+ Bd7 4. Nc3 Nf6 5. Bxd7+ Nbxd7 6. d3 g6 7. Bd2 Bg7 8.
Rb1 a5 9. O-O O-O 10. Re1 Ne8 11. a4 Nc7 12. Nd5 Nxd5 13. exd5 Nb6 14. c4 Qd7
15. b3 Rfe8 16. h3 e6 17. dxe6 Rxe6 18. Rxe6 Qxe6 {[Remainder illegible]} 1-0

[Event "Kalamazoo Mini-Swiss.1"]
[Site "Kalamazoo, MI"]
[Date "1998.??.??"]
[Round "?"]
[White "Anthony, James"]
[Black "Anderson, Gale"]
[Result "1-0"]
[WhiteElo "1605"]
[BlackElo "1765"]
[PlyCount "89"]
[EventDate "1998.??.??"]

1. e4 e6 2. d4 d5 3. e5 c5 4. c3 Nc6 5. Nf3 Qb6 6. a3 Nge7 7. dxc5 Qc7 8. Bb5
Ng6 9. Qe2 Bxc5 10. Be3 Be7 11. Bd2 Bd7 12. Bxc6 Bxc6 13. O-O O-O 14. Re1 Rad8
15. Nd4 Rd7 16. f4 Bc5 17. b4 Bxd4+ 18. cxd4 b5 19. Nc3 Rb8 20. Rf1 Ne7 21. Be3
a5 22. Rac1 Qb6 23. Bf2 Rc7 24. Rc2 Rbc8 25. Rfc1 Be8 26. Na2 Rc4 27. Rxc4 bxc4
28. Qd2 Ra8 29. Rb1 Nc6 30. b5 Ne7 31. a4 g6 32. Nc3 Rc8 33. Rc1 Kg7 34. Ne2
Nf5 35. Qc3 Qd8 36. Rb1 Qb6 37. Rd1 Ra8 38. Rc1 Qd8 39. g4 Ne7 40. Bh4 Qd7 41.
Bf6+ Kg8 42. Qh3 h5 43. gxh5 gxh5 44. Qxh5 Ng6 45. Qh6 1-0

[Event "Michigan Open"]
[Site "Flint, MI"]
[Date "1998.??.??"]
[Round "?"]
[White "Andrews, Steve"]
[Black "Wydryck, Robert"]
[Result "1-0"]
[WhiteElo "2225"]
[BlackElo "1925"]
[PlyCount "52"]
[EventDate "1998.09.??"]

{9/5} 1. d4 Nf6 2. Nf3 g6 3. Bf4 Bg7 4. e3 O-O 5. h3 c6 6. c4 d6 7. Nc3 Qa5 8.
Qd2 Re8 9. a3 e5 10. b4 Qc7 11. Bh2 e4 12. Ng1 Qe7 13. Nge2 Nbd7 14. Nc1 a6 15.
Nb3 b6 16. Be2 Nf8 17. Rd1 g5 18. c5 bxc5 19. dxc5 d5 20. Nd4 Qb7 21. Na4 Ng6
22. Nb3 Nh4 23. O-O g4 24. Na5 Qd7 25. Nb6 Qf5 26. hxg4 Qxg4 1-0

[Event "Michigan Open"]
[Site "Flint, MI"]
[Date "1998.??.??"]
[Round "?"]
[White "Andrews, Steve"]
[Black "Chehayeb, Sal"]
[Result "1-0"]
[WhiteElo "2225"]
[BlackElo "1950"]
[PlyCount "43"]
[EventDate "1998.09.??"]

{9/5} 1. d4 Nf6 2. Nf3 g6 3. Bf4 Bg7 4. e3 O-O 5. h3 c5 6. c3 d6 7. Be2 Qb6 8.
Qb3 Qxb3 9. axb3 Nc6 10. O-O Re8 11. dxc5 dxc5 12. Na3 e5 13. Bh2 e4 14. Nd2
Be6 15. Nb5 Rad8 16. Rfd1 a6 17. Nd6 Re7 18. N2xe4 Nxe4 19. Nxe4 Bxb3 20. Rxd8+
Nxd8 21. Nxc5 Bd5 22. Rd1 1-0

[Event "Kalamazoo Mini-Swiss.1"]
[Site "Kalamazoo, MI"]
[Date "1998.??.??"]
[Round "?"]
[White "Anderson, Gale"]
[Black "Sellers, Matt"]
[Result "0-1"]
[WhiteElo "1795"]
[BlackElo "2005"]
[PlyCount "76"]
[EventDate "1998.??.??"]

1. e4 c6 2. d4 d5 3. Nc3 dxe4 4. Nxe4 Nf6 5. Nxf6+ gxf6 6. h3 Bf5 7. Nf3 Qc7 8.
Be3 e6 9. Bd3 Bg6 10. Qd2 Bd6 11. O-O-O Nd7 12. Rhe1 O-O-O 13. Nh4 Kb8 14. Qc3
Bh5 15. g4 Bg6 16. Nxg6 hxg6 17. Bf1 f5 18. Kb1 Nf6 19. gxf5 Ne4 20. Qc4 gxf5
21. f3 Ng3 22. Bg5 Rdg8 23. Bf6 Rh6 24. Be5 f4 25. Rd2 Nf5 26. Bxd6 Qxd6 27.
Qe2 Ne3 28. c3 Rg3 29. d5 exd5 30. a3 Qg6+ 31. Ka2 Qh5 32. c4 Qxf3 33. Qd3 Nxf1
34. Re8+ Kc7 35. Qf5 Qb3+ 36. Ka1 Nxd2 37. Qxf4+ Kb6 38. Re1 Qxc4 0-1